Qitzikwaka Country Quiz - Statistics

General Stats
  • This quiz has been taken 413 times
  • The average score is 10 of 19
Answer Stats
Hint Answer % Correct
What 4 colors are on the flag? Green
93%
What 4 colors are on the flag? Yellow
93%
What 4 colors are on the flag? Red
92%
What 4 colors are on the flag? Blue
88%
Which countries does it border? Niger
81%
Which desert is it located in? Sahara
81%
Which countries does it border? Chad
78%
Which countries does it border? Libya
76%
What does Qitzikwaka mean? Kwaka = {Cave}
63%
What does Qitzikwaka mean? Qitzi = {Poison}
60%
Qitzikwaka is the African country with the highest percent of what religion? Buddhism
53%
What is the capital? Ger
45%
What is the national animal? Cave Whip {Scorpion}
33%
Which Russian republic helped establish Qitzykwaka? Kalmykia
22%
What is the only other above-ground city? Kyrkra
21%
What are the 2 major ethnic groups? Qitzi-{kalmyk}
21%
What is its largest export? Natural gas
16%
What are the 2 major ethnic groups? Qitzi-{maba}
14%
What is the official currency? Shilling
9%
No matching quizzes found
Score Distribution
Percent of People with Each Score
Percentile by Number Answered
Your Score History
You have not taken this quiz